000 02540cam a2200505 i 4500
999 _c3757
_d3757
001 ocn948639820
003 OCoLC
005 20171012172657.0
008 160503s2016 fr b 000 0 fre
010 _a 2016450622
020 _a9782343087986
_q(pbk.)
020 _a2343087989
_q(pbk.)
029 1 _aGBVCP
_b859808874
035 _a(OCoLC)948639820
040 _aDLC
_beng
_erda
_cDLC
_dAUXAM
_dERASP
_dINU
_dOCLCF
_dGBVCP
_dOCLCO
_dOCLCQ
_dUAB
042 _apcc
043 _af-nr---
_afw-----
049 _aTZAA
050 0 0 _aHV6433
_b.B65
082 0 4 _a320
100 1 _aBetché, Zachée,
_d1970-
245 1 3 _aLe phéenomène Boko Haram: au-delà du radicalisme
_bau-delà du radicalisme /
_cZachée Betché.
300 _a237 pages ;
_c21 cm.
490 1 _aCollection "Études africaines"
504 _aIncludes bibliographical references (pages 231-237).
505 0 0 _tIntroduction. --
_gpartie 1.
_tSociogenèse d'un mouvement radical.
_tAux sources d'une théologie islamiste décadente --
_tEntre Ousmane dan Fodio et Boko Haram. Ruptures ou continuités? --
_gpartie 2.
_tApologie de la violence.
_tIdéologie ou théologie de la violence --
_tNature ou paradoxes d'un mouvement subsaharien. --
_gpartie 3.
_tTerrorisme et lieux de l'action.
_tLa nation et son unité à l'épreuve de Boko Haram --
_tLa politique, l'armée et l'économie. Visages de la raison. --
_gpartie 4.
_tSortir des sentiers battus. Esquisse d'une vérité sur le conflit.
_tPauvreté et terrorisme au sahel. Ses mythes et ses réalités --
_tBoko Haram ou la guerre des autres. --
_gpartie 5.
_tRépondre à Boko Haram. Perspective critique.
_tCommunication et temps de crise : émotion, raison et vérité --
_t Éducation ou libération --
_tConstruction d'une conscience historique. --
_tConclusion.
610 2 0 _aBoko Haram.
610 2 7 _aBoko Haram.
_2fast
610 2 7 _aBoko Haram
_2gnd
650 0 _aTerrorism
_zNigeria.
650 0 _aTerrorism
_zAfrica, West.
650 0 _aIslamic fundamentalism
_zAfrica, West.
650 0 _aRadicalism
_xReligious aspects
_xIslam.
650 7 _aIslamic fundamentalism.
_2fast
_98397
650 7 _aRadicalism
_xReligious aspects
_xIslam.
_2fast
650 7 _aTerrorism.
_2fast
650 6 _aTerrorisme
_zNigeria.
650 6 _aTerrorisme
_zAfrique occidentale.
650 6 _aintégrisme islamique
_zAfrique occidentale.
650 6 _aRadicalisme
_xAspect religieux
_xIslam.
651 7 _aAfrica, West.
_2fast
651 7 _aNigeria.
_2fast
830 0 _aÉtudesafricaines (Harmattan (Firm))
942 _2lcc
_cBOOK